00816 2200241 4500001002100000005001500021035002000036007000300056008004100059020001800100082001200118084001900130100003300149245013600182250000600318260003300324300005500357500004900412700003300461700002900494600003400523990001700557INLIS00000000000222620260209124835 a0010-0226000068ta260209 j 0 ind  a979-534-378-5 a372.703 a372.703 PAT k0 aPatilla. Peter ( Pengarang )1 aKamus matematika dasar /cdisusun oleh Peter Patilla ; pengalih bahasa, Andri Setiawan & Didik Hari Pambudi ; penyunting, Rudiyanto a- aBandung :bPakar Raya,c2007 a121 hlm :bilust, berganbarn, berwarna ;c21 cme- aJudul asli : Oxford primary, math dictionary0 aAndri Setiawan( Peterjemah )0 aRudiyanto ( Penyunting ) 4aMatematika (Pendidikan dasar) a00152/K/2025